[Event "Belgrade-chT2 Quality"]
[Site "Belgrade"]
[Date "2022.11.13"]
[Round "11.2"]
[White "Rajkovic, Danilo"]
[Black "Mitic, Miroslav"]
[Result "1-0"]
[WhiteElo "2199"]
[BlackElo "1945"]
[PlyCount "63"]
[EventDate "2022.10.15"]
[EventType "team-tourn"]
[EventRounds "13"]
[EventCountry "SRB"]
[SourceTitle "EXT 2024"]
[Source "ChessBase"]
[SourceDate "2023.10.10"]
[SourceVersion "1"]
[SourceVersionDate "2023.10.10"]
[SourceQuality "1"]
[WhiteTeam "Sremcica"]
[BlackTeam "Lazarevac Kolubara"]
[WhiteTeamCountry "SRB"]
[BlackTeamCountry "SRB"]

1. e4 e5 2. Nf3 Nc6 3. Nc3 Nf6 4. Bb5 Nd4 5. Bc4 Nxf3+ 6. gxf3 Bc5 7. Rg1 Nh5 8. d4 Bxd4 9. Rg5 g6 10. Nb5 h6 11. Rxh5 gxh5 12. Nxd4 exd4 13. Qxd4 Rg8 14. Bxh6 d6 15. 0-0-0 Be6 16. Bxe6 fxe6 17. e5 d5 18. f4 c6 19. f5 exf5 20. e6 Qe7 21. Qe5 Qh7 22. Bf4 Rd8 23. Re1 Rg7 24. h4 Rc8 25. Bg5 Qg6 26. f4 Rg8 27. c4 Qg7 28. Qxf5 Rf8 29. Qd3 Rg8 30. f5 Qc7 31. Qf3 Qa5 32. Qxh5+ 1-0

[Event "Belgrade-chT2 Quality"]
[Site "Belgrade"]
[Date "2022.10.22"]
[Round "3.3"]
[White "Rajkovic, Danilo"]
[Black "Savic, Milos M"]
[Result "1-0"]
[WhiteElo "2199"]
[BlackElo "1966"]
[PlyCount "99"]
[EventDate "2022.10.15"]
[EventType "team-tourn"]
[EventRounds "13"]
[EventCountry "SRB"]
[SourceTitle "EXT 2024"]
[Source "ChessBase"]
[SourceDate "2023.10.10"]
[SourceVersion "1"]
[SourceVersionDate "2023.10.10"]
[SourceQuality "1"]
[WhiteTeam "Sremcica"]
[BlackTeam "Batajnica"]
[WhiteTeamCountry "SRB"]
[BlackTeamCountry "SRB"]

1. e4 c5 2. Nf3 g6 3. d4 cxd4 4. Qxd4 Nf6 5. e5 Nc6 6. Qa4 Nd5 7. c4 Nb6 8. Qb3 d5 9. exd6 Qxd6 10. Be3 Qb4+ 11. Nc3 Bg7 12. Rc1 Bf5 13. c5 Nd7 14. Bc4 Qxb3 15. axb3 Nde5 16. Nxe5 Nxe5 17. Bb5+ Nc6 18. Ke2 a6 19. Ba4 0-0 20. Rhd1 Be6 21. Nd5 Bxd5 22. Rxd5 Rfd8 23. Rcd1 e6 24. Rd7 Rxd7 25. Rxd7 Nd8 26. Bg5 f6 27. Bd2 Bf8 28. Bc3 Bxc5 29. b4 Bf8 30. Bxf6 Nf7 31. Rxb7 Bg7 32. Bxg7 Kxg7 33. Bb3 Kf6 34. Rb6 Re8 35. Rxa6 Ke5 36. Ra7 Nd6 37. Rxh7 Nf5 38. Ba4 Nd4+ 39. Kd3 Rd8 40. Rd7 Rxd7 41. Bxd7 Nf5 42. b5 Kd6 43. Be8 g5 44. b4 Ne7 45. Bc6 Ng6 46. Be4 Ne5+ 47. Ke2 Nc4 48. f3 Ke5 49. Kd3 Nb6 50. g3 1-0

[Event "Belgrade-chT Quality"]
[Site "Belgrade"]
[Date "2021.11.13"]
[Round "9.2"]
[White "Rajkovic, Danilo"]
[Black "Bozovic, Vladimir"]
[Result "1-0"]
[WhiteElo "2182"]
[BlackElo "2186"]
[PlyCount "135"]
[EventDate "2021.10.16"]
[EventType "team-tourn"]
[EventRounds "11"]
[EventCountry "SRB"]
[SourceTitle "EXT 2023"]
[Source "ChessBase"]
[SourceDate "2022.10.05"]
[SourceVersion "1"]
[SourceVersionDate "2022.10.05"]
[SourceQuality "1"]
[WhiteTeam "Belgrade Sremcica"]
[BlackTeam "Belgrade Zemun Teleoptic"]
[WhiteTeamCountry "SRB"]
[BlackTeamCountry "SRB"]

1. d4 g6 2. e4 Bg7 3. Nc3 c6 4. Nf3 d5 5. h3 dxe4 6. Nxe4 Nf6 7. Nxf6+ exf6 8. Bc4 0-0 9. 0-0 Nd7 10. Bd2 b5 11. Bb3 Bb7 12. a4 a6 13. Bb4 Re8 14. Re1 Rxe1+ 15. Nxe1 a5 16. Bd6 f5 17. c3 Qf6 18. Bc7 b4 19. Nd3 bxc3 20. bxc3 c5 21. Ne5 Nxe5 22. Bxe5 Qg5 23. Bxf7+ Kh8 24. Qf1 f4 25. Re1 Rf8 26. Bc4 Bc8 27. Kh2 f3 28. g3 Qd2 29. Bd6 Bxh3 30. Rd1 Bxf1 31. Rxd2 Rd8 32. Bc7 Rd7 33. Bxf1 Rxc7 34. Kh3 h5 35. g4 c4 36. Rb2 Kh7 37. gxh5 gxh5 38. Rb5 Kg6 39. Rxa5 Bf8 40. Kg3 Rf7 41. Bxc4 Bd6+ 42. Kh3 Rf6 43. Bd3+ Kh6 44. Rf5 Rxf5 45. Bxf5 Kg5 46. Bd7 Bc7 47. c4 Kf4 48. Bc6 Ba5 49. Kh2 h4 50. d5 Bb4 51. Kh3 Kg5 52. d6 Bxd6 53. Bxf3 Bc5 54. Kg2 Kf4 55. Bc6 h3+ 56. Kf1 h2 57. Ke2 Bb4 58. Bg2 Ke5 59. Kd3 Bc5 60. f3 Bb4 61. f4+ Kxf4 62. Kd4 Kf5 63. Kd5 Kf6 64. Kc6 Ke7 65. c5 Kd8 66. Kb5 Bc3 67. a5 Kc7 68. a6 1-0

[Event "Belgrade-chT Quality"]
[Site "Belgrade"]
[Date "2021.10.24"]
[Round "4.3"]
[White "Gemovic, Djordje"]
[Black "Rajkovic, Danilo"]
[Result "0-1"]
[WhiteElo "1700"]
[BlackElo "2182"]
[PlyCount "64"]
[EventDate "2021.10.16"]
[EventType "team-tourn"]
[EventRounds "11"]
[EventCountry "SRB"]
[SourceTitle "EXT 2023"]
[Source "ChessBase"]
[SourceDate "2022.10.05"]
[SourceVersion "1"]
[SourceVersionDate "2022.10.05"]
[SourceQuality "1"]
[WhiteTeam "Belgrade Borca"]
[BlackTeam "Belgrade Sremcica"]
[WhiteTeamCountry "SRB"]
[BlackTeamCountry "SRB"]

1. d4 Nf6 2. Bf4 b6 3. e3 Bb7 4. Nf3 g6 5. Be2 Bg7 6. 0-0 0-0 7. c4 d6 8. Nc3 Nfd7 9. Qc2 e5 10. Bg3 Qe8 11. Nd5 Na6 12. a3 c6 13. Nc3 Nc7 14. Ne4 Qe7 15. Bh4 f6 16. Rad1 Ne8 17. dxe5 dxe5 18. h3 Rd8 19. Rd2 g5 20. Bg3 f5 21. Nc3 e4 22. Nd4 c5 23. Nb3 f4 24. exf4 gxf4 25. Bh2 f3 26. gxf3 Qg5+ 27. Bg3 e3 28. Rdd1 Be5 29. Bd3 exf2+ 30. Rxf2 Bxg3 31. Rg2 Bxf3 32. Rdd2 Qe3+ 0-1

[Event "Belgrade-chT Quality"]
[Site "Belgrade"]
[Date "2015.11.03"]
[Round "9"]
[White "Rajkovic, Danilo"]
[Black "Petric, Marko"]
[Result "1-0"]
[WhiteElo "2189"]
[BlackElo "2075"]
[PlyCount "51"]
[EventDate "2015.10.03"]
[EventType "team-tourn"]
[EventRounds "11"]
[EventCountry "SRB"]
[SourceTitle "EXT 2018"]
[Source "ChessBase"]
[SourceDate "2017.10.13"]
[SourceVersion "1"]
[SourceVersionDate "2017.10.13"]
[SourceQuality "1"]

1. Nf3 Nf6 2. c4 e6 3. Nc3 b6 4. g3 Bb7 5. Bg2 Be7 6. 0-0 0-0 7. Qc2 d6 8. d4 c5 9. d5 e5 10. e4 Ne8 11. Ne1 Bg5 12. f4 exf4 13. gxf4 Bf6 14. Nf3 Nd7 15. Re1 g6 16. e5 Be7 17. Ne4 Qc7 18. Qc3 b5 19. b3 b4 20. Qb2 a5 21. a4 Ng7 22. Qd2 Rfe8 23. Bb2 Bf8 24. Bh3 Nf5 25. Bxf5 gxf5 26. Qg2+ 1-0

[Event "Belgrade-chT Quality"]
[Site "Belgrade"]
[Date "2015.11.02"]
[Round "8"]
[White "Popovic, Ivan M"]
[Black "Rajkovic, Danilo"]
[Result "0-1"]
[WhiteElo "2029"]
[BlackElo "2189"]
[PlyCount "74"]
[EventDate "2015.10.03"]
[EventType "team-tourn"]
[EventRounds "11"]
[EventCountry "SRB"]
[SourceTitle "EXT 2018"]
[Source "ChessBase"]
[SourceDate "2017.10.13"]
[SourceVersion "1"]
[SourceVersionDate "2017.10.13"]
[SourceQuality "1"]

1. e4 e5 2. Nf3 Nc6 3. Bb5 Nge7 4. 0-0 g6 5. d4 exd4 6. Nxd4 Bg7 7. Be3 0-0 8. Nc3 a6 9. Be2 d6 10. Qd2 Re8 11. Rad1 b5 12. f4 b4 13. Nd5 Bb7 14. Bf3 Nxd5 15. Nxc6 Bxc6 16. exd5 Bb5 17. Rfe1 Qf6 18. Rb1 Rab8 19. g3 Bc4 20. Ba7 Bxa2 21. Bxb8 Rxb8 22. Rbd1 Qxb2 23. Re7 Bc3 24. Qe2 Bd4+ 25. Kg2 Bb6 26. f5 Qc3 27. Rd3 Qf6 28. Re8+ Rxe8 29. Qxe8+ Kg7 30. fxg6 hxg6 31. h4 Bc4 32. Rd1 Qf5 33. Rd2 Bf1+ 34. Kxf1 Qxf3+ 35. Ke1 Be3 36. Qe7 Qxg3+ 37. Ke2 Qf2+ 0-1

[Event "Belgrade-chT Quality"]
[Site "Belgrade"]
[Date "2015.10.17"]
[Round "5"]
[White "Kiproski, Branislav"]
[Black "Rajkovic, Danilo"]
[Result "1/2-1/2"]
[WhiteElo "2252"]
[BlackElo "2189"]
[PlyCount "99"]
[EventDate "2015.10.03"]
[EventType "team-tourn"]
[EventRounds "11"]
[EventCountry "SRB"]
[SourceTitle "EXT 2018"]
[Source "ChessBase"]
[SourceDate "2017.10.13"]
[SourceVersion "1"]
[SourceVersionDate "2017.10.13"]
[SourceQuality "1"]

1. d4 d5 2. c4 c6 3. Nf3 Nf6 4. Nc3 dxc4 5. a4 Bf5 6. Ne5 Nbd7 7. Nxc4 Nb6 8. Ne5 a5 9. f3 Nfd7 10. e4 Nxe5 11. dxe5 Qxd1+ 12. Kxd1 Be6 13. Kc2 f6 14. Rb1 fxe5 15. b4 Nc4 16. bxa5 Nxa5 17. Be3 h5 18. Bb6 Nc4 19. Bxc4 Bxc4 20. Bc7 Ba6 21. Bxe5 0-0-0 22. Nb5 cxb5 23. axb5 Rh6 24. bxa6 Rc6+ 25. Bc3 bxa6 26. Rb3 e6 27. Rhb1 Bd6 28. Rb6 Kc7 29. Rb7+ Kc8 30. R7b6 Kc7 31. Rxc6+ Kxc6 32. g3 e5 33. f4 exf4 34. e5 Bc7 35. gxf4 Rf8 36. Rf1 Rf5 37. Kd3 Kd5 38. Ke3 Bb6+ 39. Kf3 g5 40. Kg3 Be3 41. Rd1+ Kc4 42. fxg5 Kxc3 43. Ra1 Bxg5 44. Rxa6 Rxe5 45. Rd6 Rf5 46. Rd7 Bf6 47. Kh3 Rf3+ 48. Kg2 Re3 49. Rf7 Be5 50. Rf3 1/2-1/2

[Event "Belgrade-chT Quality"]
[Site "Belgrade"]
[Date "2015.10.11"]
[Round "4"]
[White "Zmijanac, Dusko"]
[Black "Rajkovic, Danilo"]
[Result "1/2-1/2"]
[WhiteElo "2101"]
[BlackElo "2189"]
[PlyCount "112"]
[EventDate "2015.10.03"]
[EventType "team-tourn"]
[EventRounds "11"]
[EventCountry "SRB"]
[SourceTitle "EXT 2018"]
[Source "ChessBase"]
[SourceDate "2017.10.13"]
[SourceVersion "1"]
[SourceVersionDate "2017.10.13"]
[SourceQuality "1"]

1. d4 d5 2. c4 dxc4 3. Nf3 Nf6 4. Nc3 c5 5. d5 e6 6. e4 exd5 7. e5 Nfd7 8. Bg5 Be7 9. Bxe7 Qxe7 10. Nxd5 Qd8 11. Bxc4 Nc6 12. 0-0 0-0 13. Re1 Na5 14. Bf1 Nb6 15. Nxb6 axb6 16. Qc2 Be6 17. Qe4 Qd5 18. Qf4 Rad8 19. b3 h6 20. Rac1 Nc6 21. Bc4 Qd7 22. Bb5 Qd5 23. h3 Nd4 24. Be2 Nxe2+ 25. Rxe2 f6 26. Rd2 fxe5 27. Qe3 Qc6 28. Nxe5 Qe8 29. Rcd1 Rxd2 30. Rxd2 Qb8 31. Nd7 Bxd7 32. Rxd7 Re8 33. Qc3 Qe5 34. Qxe5 Rxe5 35. Rxb7 Re1+ 36. Kh2 Re2 37. a4 Rxf2 38. Rxb6 Ra2 39. Rb7 Ra3 40. h4 c4 41. bxc4 Rxa4 42. Rc7 h5 43. Kg3 Ra2 44. Kf3 Rc2 45. g3 Rc3+ 46. Kf4 Kh7 47. c5 Kg6 48. Ke5 Rxg3 49. Rd7 Re3+ 50. Kd4 Rh3 51. c6 Rxh4+ 52. Kd5 Rh1 53. c7 Rd1+ 54. Kc6 Rc1+ 55. Kb7 Rb1+ 56. Ka7 Ra1+ 1/2-1/2

[Event "Belgrade-chT"]
[Site "Belgrade"]
[Date "2014.11.04"]
[Round "12"]
[White "Rajkovic, Danilo"]
[Black "Mikicic, Dusan"]
[Result "1-0"]
[WhiteElo "2215"]
[BlackElo "2163"]
[PlyCount "55"]
[EventDate "2014.10.04"]
[EventType "team-tourn"]
[EventRounds "13"]
[EventCountry "SRB"]
[SourceTitle "EXT 2015"]
[Source "ChessBase"]
[SourceDate "2014.11.20"]
[SourceVersion "1"]
[SourceVersionDate "2014.11.20"]
[SourceQuality "1"]

1. Nf3 Nf6 2. c4 c5 3. Nc3 Nc6 4. d4 cxd4 5. Nxd4 d6 6. e4 g6 7. Be2 Bg7 8. Be3 Bd7 9. 0-0 0-0 10. Nc2 Rc8 11. f3 Na5 12. Na3 b6 13. Rc1 Be6 14. Ncb5 Nc6 15. Nc2 Nd7 16. Ncd4 a6 17. Nxc6 Rxc6 18. Nd4 Bxd4 19. Qxd4 f5 20. Bh6 Rf7 21. exf5 gxf5 22. Qe3 Rf6 23. Bg5 Rg6 24. h4 Bf7 25. Bd3 Rc5 26. b4 Re5 27. Qd2 Qf8 28. f4 1-0

[Event "Belgrade-chT"]
[Site "Belgrade"]
[Date "2014.10.25"]
[Round "7"]
[White "Cobic, Vladimir"]
[Black "Rajkovic, Danilo"]
[Result "0-1"]
[WhiteElo "2279"]
[BlackElo "2215"]
[PlyCount "84"]
[EventDate "2014.10.04"]
[EventType "team-tourn"]
[EventRounds "13"]
[EventCountry "SRB"]
[SourceTitle "EXT 2015"]
[Source "ChessBase"]
[SourceDate "2014.11.20"]
[SourceVersion "1"]
[SourceVersionDate "2014.11.20"]
[SourceQuality "1"]

1. g3 d5 2. Bg2 c6 3. d3 e5 4. Nf3 f6 5. 0-0 Be6 6. Nbd2 Bd6 7. e4 d4 8. c3 c5 9. cxd4 cxd4 10. Nc4 Nc6 11. Nxd6+ Qxd6 12. Nh4 Nge7 13. f4 0-0 14. f5 Bf7 15. g4 a5 16. g5 fxg5 17. Bxg5 h6 18. Bd2 Qf6 19. Qg4 Kh8 20. Rf3 Ng8 21. Raf1 Bxa2 22. Ng6+ Kh7 23. Nxf8+ Rxf8 24. Rh3 Nb4 25. Bg5 Qa6 26. Qh4 Nxd3 27. f6 Be6 28. Rg3 g6 29. Bxh6 Nxh6 30. Qg5 Rg8 31. f7 Nxf7 32. Qh4+ Nh6 33. Rf6 Nf4 34. Bf1 Qc6 35. Rxf4 exf4 36. Qxf4 Rg7 37. Bd3 Qc7 38. e5 Bf5 39. Qg5 Qe7 40. Qf4 Bxd3 41. Rxd3 Rf7 42. Qxd4 Qg5+ 0-1

[Event "Belgrade-chT"]
[Site "Belgrade"]
[Date "2014.10.19"]
[Round "6"]
[White "Rajkovic, Danilo"]
[Black "Nonkovic, Bogdana"]
[Result "0-1"]
[WhiteElo "2215"]
[BlackElo "2061"]
[PlyCount "114"]
[EventDate "2014.10.04"]
[EventType "team-tourn"]
[EventRounds "13"]
[EventCountry "SRB"]
[SourceTitle "EXT 2015"]
[Source "ChessBase"]
[SourceDate "2014.11.20"]
[SourceVersion "1"]
[SourceVersionDate "2014.11.20"]
[SourceQuality "1"]

1. Nf3 d5 2. c4 e6 3. d4 Nf6 4. Nc3 c5 5. cxd5 cxd4 6. Qxd4 exd5 7. e4 dxe4 8. Qxd8+ Kxd8 9. Ng5 Be6 10. Bd2 Nc6 11. Nxe6+ fxe6 12. Rd1 Ke7 13. Bb5 Nd4 14. Ba4 e5 15. 0-0 a6 16. Rde1 b5 17. Bd1 Rd8 18. Bc1 Ke6 19. Nxe4 Nxe4 20. Rxe4 Kd5 21. Rg4 Rd7 22. Rg5 Bc5 23. Re1 Re7 24. Bf4 Bd6 25. Bg3 Rf8 26. Bb3+ Nxb3 27. axb3 g6 28. Rg4 Rc8 29. Rge4 Rc2 30. R4e2 Rec7 31. Kf1 Rxe2 32. Rxe2 Rc1+ 33. Re1 Rxe1+ 34. Kxe1 Bc5 35. Kd2 Bd4 36. Kc2 Ke4 37. b4 g5 38. h4 h6 39. b3 g4 40. Kd2 h5 41. Kc2 Bb6 42. Kd2 Bd8 43. Ke2 Be7 44. f3+ gxf3+ 45. gxf3+ Kf5 46. Be1 Kf4 47. Bd2+ Kg3 48. Bg5 Bxb4 49. Ke3 a5 50. Ke4 Bc3 51. Kd3 Bb2 52. Ke4 a4 53. bxa4 bxa4 54. Be7 a3 55. Bxa3 Bxa3 56. Kxe5 Kxh4 57. Ke4 Kg3 0-1

[Event "Belgrade-chT"]
[Site "Belgrade"]
[Date "2014.10.05"]
[Round "2"]
[White "Rajkovic, Danilo"]
[Black "Jakovljevic, Zivota"]
[Result "1-0"]
[WhiteElo "2215"]
[BlackElo "2068"]
[PlyCount "95"]
[EventDate "2014.10.04"]
[EventType "team-tourn"]
[EventRounds "13"]
[EventCountry "SRB"]
[SourceTitle "EXT 2015"]
[Source "ChessBase"]
[SourceDate "2014.11.20"]
[SourceVersion "1"]
[SourceVersionDate "2014.11.20"]
[SourceQuality "1"]

1. Nf3 Nf6 2. c4 e6 3. Nc3 d5 4. d4 dxc4 5. e3 a6 6. a4 b6 7. Bxc4 Bb7 8. 0-0 Be7 9. Qe2 0-0 10. e4 Re8 11. Rd1 Nbd7 12. Ne5 c5 13. Nxf7 Kxf7 14. Bxe6+ Kf8 15. e5 cxd4 16. Bg5 Qc7 17. exf6 Bxf6 18. Qg4 Ne5 19. Qf5 Nf7 20. Bxf6 gxf6 21. Rxd4 Qe5 22. Qxe5 Nxe5 23. Bf5 Kg7 24. f4 Nf7 25. Rb4 Nd6 26. Rxb6 Nxf5 27. Rxb7+ Kg6 28. Rb6 Rad8 29. g4 Nh4 30. Rd1 Rxd1+ 31. Nxd1 Re1+ 32. Kf2 Rxd1 33. Kg3 Nf5+ 34. gxf5+ Kxf5 35. Rxa6 Rd3+ 36. Kh4 Rd2 37. Rb6 Rxh2+ 38. Kg3 Rd2 39. Rb3 h5 40. a5 h4+ 41. Kh3 Kxf4 42. a6 Rd8 43. a7 Ra8 44. Rb7 f5 45. b4 Rd8 46. Rb8 Rd3+ 47. Kxh4 Rd2 48. Kh5 1-0

[Event "Belgrade-ch"]
[Site "Belgrade"]
[Date "2013.01.27"]
[Round "5"]
[White "Rajkovic, Danilo"]
[Black "Marjanovic, Dragan"]
[Result "1-0"]
[WhiteElo "2223"]
[BlackElo "1840"]
[PlyCount "33"]
[EventDate "2013.01.23"]
[EventType "swiss"]
[EventRounds "9"]
[EventCountry "SRB"]
[SourceTitle "CBM 152 Extra"]
[Source "ChessBase"]
[SourceDate "2013.02.25"]
[SourceVersion "1"]
[SourceVersionDate "2013.02.25"]
[SourceQuality "1"]

1. Nf3 Nf6 2. c4 e6 3. Nc3 d5 4. d4 dxc4 5. e3 Be7 6. Bxc4 Nbd7 7. 0-0 c6 8. e4 b5 9. Bd3 Bb7 10. e5 Ng8 11. Ne4 Nb6 12. Bg5 f6 13. exf6 Nxf6 14. Nc5 Bc8 15. Ne5 g6 16. Qc2 Qxd4 17. Bxg6+ 1-0

[Event "Belgrade-chT Quality"]
[Site "Belgrade"]
[Date "2012.10.30"]
[Round "8.4"]
[White "Matejic, Zoran"]
[Black "Rajkovic, Danilo"]
[Result "1/2-1/2"]
[WhiteElo "2228"]
[BlackElo "2218"]
[PlyCount "20"]
[EventDate "2012.10.13"]
[EventType "team-tourn"]
[EventRounds "11"]
[EventCountry "SRB"]
[SourceTitle "EXT 2019"]
[Source "ChessBase"]
[SourceDate "2018.10.10"]
[SourceVersion "1"]
[SourceVersionDate "2018.10.10"]
[SourceQuality "1"]

1. d4 d5 2. Nf3 Nf6 3. Bf4 Bf5 4. e3 e6 5. Bd3 Bxd3 6. Qxd3 c6 7. Nbd2 Nbd7 8. h3 Be7 9. 0-0 0-0 10. a4 Qa5 1/2-1/2

[Event "Belgrade-chT Quality"]
[Site "Belgrade"]
[Date "2012.10.27"]
[Round "5.1"]
[White "Rajkovic, Danilo"]
[Black "Nenezic, Marko"]
[Result "1/2-1/2"]
[WhiteElo "2218"]
[BlackElo "2345"]
[PlyCount "87"]
[EventDate "2012.10.13"]
[EventType "team-tourn"]
[EventRounds "11"]
[EventCountry "SRB"]
[SourceTitle "EXT 2019"]
[Source "ChessBase"]
[SourceDate "2018.10.10"]
[SourceVersion "1"]
[SourceVersionDate "2018.10.10"]
[SourceQuality "1"]

1. Nf3 Nf6 2. c4 g6 3. Nc3 Bg7 4. e4 d6 5. d4 0-0 6. Be2 e5 7. 0-0 Nc6 8. Be3 Ng4 9. Bg5 f6 10. Bh4 h5 11. h3 Nh6 12. dxe5 dxe5 13. Qb3 Rb8 14. c5+ Kh8 15. Qa3 a6 16. Rad1 Qe7 17. Nd5 Qf7 18. b4 g5 19. Bg3 Be6 20. Bc4 g4 21. hxg4 hxg4 22. Nh4 Nd4 23. Qc1 Kh7 24. f4 gxf3 25. Nxf3 Nxf3+ 26. Rxf3 Ng4 27. Bh4 c6 28. Nb6 Rbd8 29. Rdd3 Rd4 30. Rxd4 exd4 31. Bg3 Ne3 32. Bd3 Kg8 33. Bd6 Re8 34. a4 Qh5 35. Bf4 Bg4 36. Rg3 f5 37. Nc4 fxe4 38. Nxe3 dxe3 39. Bc4+ Be6 40. Qb2 Qd1+ 41. Kh2 Qh5+ 42. Kg1 Qd1+ 43. Kh2 Qh5+ 44. Kg1 1/2-1/2

[Event "Belgrade-chT Quality"]
[Site "Belgrade"]
[Date "2012.10.20"]
[Round "3.2"]
[White "Rajkovic, Danilo"]
[Black "Grbic, Milorad"]
[Result "1/2-1/2"]
[WhiteElo "2218"]
[BlackElo "2302"]
[PlyCount "40"]
[EventDate "2012.10.13"]
[EventType "team-tourn"]
[EventRounds "11"]
[EventCountry "SRB"]
[SourceTitle "EXT 2019"]
[Source "ChessBase"]
[SourceDate "2018.10.10"]
[SourceVersion "1"]
[SourceVersionDate "2018.10.10"]
[SourceQuality "1"]

1. Nf3 d5 2. c4 c6 3. d4 Nf6 4. Nc3 a6 5. a4 e6 6. Bg5 Nbd7 7. e3 Qa5 8. Nd2 Bb4 9. Qc2 dxc4 10. Bxf6 Nxf6 11. Nxc4 Qc7 12. Be2 Bd7 13. 0-0 0-0 14. a5 c5 15. Na2 Bxa5 16. Nxa5 Qxa5 17. dxc5 Bc6 18. Qc3 Qxc3 19. Nxc3 Rfd8 20. Rfd1 Kf8 1/2-1/2

[Event "Belgrade Winter op"]
[Site "Belgrade"]
[Date "2011.01.27"]
[Round "6"]
[White "Rajkovic, Danilo"]
[Black "Nestorovic, Dejan"]
[Result "0-1"]
[WhiteElo "2247"]
[BlackElo "2410"]
[PlyCount "76"]
[EventDate "2011.01.22"]
[EventType "swiss"]
[EventRounds "9"]
[EventCountry "SRB"]
[SourceTitle "CBM 140 Extra"]
[Source "ChessBase"]
[SourceDate "2011.03.01"]
[SourceVersion "1"]
[SourceVersionDate "2011.03.01"]
[SourceQuality "1"]

1. Nf3 c5 2. c4 Nf6 3. Nc3 e6 4. g3 b6 5. Bg2 Bb7 6. 0-0 d6 7. d4 cxd4 8. Qxd4 Be7 9. Rd1 a6 10. b3 Nbd7 11. Bb2 0-0 12. Ng5 Bxg2 13. Kxg2 Qc7 14. Nge4 Rfd8 15. f3 Ne8 16. h4 Rac8 17. Rac1 Qb8 18. h5 b5 19. cxb5 d5 20. bxa6 dxe4 21. Nxe4 Nc5 22. Nxc5 Rxd4 23. Bxd4 Qa8 24. b4 Bxc5 25. Rxc5 Rxc5 26. Bxc5 Qxa6 27. Rd8 Qxe2+ 28. Kg1 Qb5 29. Ra8 Qc6 30. Rb8 g5 31. Bf2 Kg7 32. b5 Qc1+ 33. Kg2 Nd6 34. b6 Qc6 35. g4 e5 36. a4 Qxa4 37. b7 Qb5 38. Ba7 Nxb7 0-1

[Event "Belgrade Winter op"]
[Site "Belgrade"]
[Date "2011.01.26"]
[Round "5"]
[White "Tasic, Zoran T"]
[Black "Rajkovic, Danilo"]
[Result "0-1"]
[WhiteElo "2175"]
[BlackElo "2247"]
[PlyCount "60"]
[EventDate "2011.01.22"]
[EventType "swiss"]
[EventRounds "9"]
[EventCountry "SRB"]
[SourceTitle "CBM 140 Extra"]
[Source "ChessBase"]
[SourceDate "2011.03.01"]
[SourceVersion "1"]
[SourceVersionDate "2011.03.01"]
[SourceQuality "1"]

1. Nf3 d5 2. g3 Nf6 3. Bg2 Nc6 4. d4 Bf5 5. 0-0 e6 6. a3 Be7 7. b4 0-0 8. Bb2 a5 9. c3 axb4 10. cxb4 Nd7 11. Nbd2 Nb6 12. Rc1 Na7 13. Qb3 Nb5 14. Ne5 Na4 15. Ba1 f6 16. g4 fxe5 17. gxf5 Nb6 18. Bb2 exd4 19. fxe6 Na4 20. Rc5 Bxc5 21. bxc5 c6 22. Ba1 Nxc5 23. Qb4 Nxe6 24. a4 Nc3 25. Qxb7 Nxe2+ 26. Kh1 Qd6 27. Qb3 Rf6 28. Nf3 Raf8 29. Re1 Rh6 30. h3 N6f4 0-1

[Event "Nis op"]
[Site "Nis"]
[Date "1997.??.??"]
[Round "11"]
[White "Rajkovic, Danilo"]
[Black "Kosic, Dragan"]
[Result "0-1"]
[WhiteElo "2245"]
[BlackElo "2515"]
[PlyCount "40"]
[EventDate "1997.??.??"]
[EventType "swiss"]
[EventRounds "11"]
[EventCountry "YUG"]
[SourceTitle "EXT 2002"]
[Source "ChessBase"]
[SourceDate "2001.11.25"]
[SourceVersion "1"]
[SourceVersionDate "2001.11.25"]
[SourceQuality "1"]

1. b3 e5 2. Bb2 Nc6 3. e3 g6 4. Bb5 Bg7 5. d4 e4 6. Bxc6 bxc6 7. Ne2 Ne7 8. 0-0 0-0 9. c4 f5 10. Nbc3 g5 11. d5 cxd5 12. cxd5 Ba6 13. f3 exf3 14. Rxf3 Ng6 15. Nd4 f4 16. exf4 Nxf4 17. h3 Qf6 18. Na4 Qd6 19. Nc2 Bxb2 20. Nxb2 Be2 0-1